000 00773nam a2200217Ia 4500
003 GCL
008 140319s9999 xx 000 0 ara d
040 _aGCL /
_cGCL
082 0 4 _aم
_b361.03
_bام
100 1 _aاحمد زكى بدوى
245 1 0 _aمعجم المصطلحات الاجتماعية والتنمية الاجتماعية انجليزى فرنسى عربى /
_cاحمد زكى بدوى
260 _a[S.N] :
_bدار الكتاب المصرى ،
_c1987
300 _a332 ص
650 0 4 _aالخدمة الاجتماعية
650 0 4 _aاللغة الفرنسية
650 0 4 _aاللغة العربية
650 0 4 _aالمعاجم
650 0 4 _aاللغة الانجليزية
650 0 4 _aالمعاجم المتخصصة
942 _2ddc
_cREF
999 _c59248
_d59248